[Event "26. Offene Hamburger SEM 2019 65+"]
[Site "Hamburg"]
[Date "2019.11.15"]
[Round "5.22"]
[White "Thomann, Reinhard"]
[Black "Springer, Wolfgang Wilhelm"]
[Result "1-0"]
[WhiteElo "1050"]
[BlackElo "1245"]
[PlyCount "49"]
[EventDate "2019.??.??"]
[WhiteTeam "SchVgg Blankenese von 1923 eV"]
[BlackTeam "Hamburger SK von 1830 eV"]

{[%evp 0,41,25,28,14,-8,-10,-21,-9,-10,37,14,33,28,35,24,50,34,56,-29,36,-53,-42,-90,-72,-88,67,101,994,1643,2083,565,578,665,744,701,716,716,1367,1397,1397,1397,1386,1220]} 1. d4 d5 2. c4 e6 3. Nc3 Nf6 4. Nf3 c5 5. e3 cxd4 6. exd4 Be7 7. Bd3 b6 8. Ne5 O-O 9. Bg5 h6 10. Bh4 Bb7 11. Qd2 dxc4 12. Bxc4 Bxg2 13. Rg1 Bb7 14. Qxh6 Nh5 15. Bxe7 Qxe7 16. Qxh5 Nd7 17. Bd3 f5 18. Ng6 Qe8 19. Qh8+ Kf7 20. Ne5+ Ke7 21. Qh4+ Rf6 22. Rxg7+ Kd8 23. Nxd7 Kc8 24. Nxf6 Qc6 25. Qh8+ 1-0

[Event "26. Offene Hamburger SEM 2019 65+"]
[Site "Hamburg"]
[Date "2019.11.16"]
[Round "6.1"]
[White "Kornrumpf, Joachim"]
[Black "Kreutzkamp, Hans-Rudolf"]
[Result "1/2-1/2"]
[WhiteElo "2054"]
[BlackElo "1948"]
[PlyCount "152"]
[EventDate "2019.??.??"]
[WhiteTeam "Preetzer TSV"]
[BlackTeam "SK Union Eimsbuettel eV"]

{[%evp 0,86,19,-31,27,0,57,51,42,21,28,10,59,43,50,40,31,33,30,37,105,106,93,12,12,20,21,10,78,52,55,57,58,48,52,5,12,26,44,41,34,28,85,55,153,40,210,202,209,209,299,299,299,299,299,299,363,363,446,408,527,519,532,383,586,481,481,190,223,154,304,294,324,331,381,318,357,349,352,278,278,278,275,205,216,216,320,320,334]} 1. b3 c5 2. Bb2 b6 3. Nf3 Bb7 4. e3 e6 5. Be2 f5 6. c4 Nf6 7. O-O Be7 8. d4 O-O 9. Nc3 d6 10. Ng5 Qd7 11. Bf3 d5 12. cxd5 exd5 13. Be2 Ba6 14. Nf3 Bxe2 15. Nxe2 Nc6 16. Rc1 Ne4 17. Qd3 Nb4 18. Qb1 g5 19. a3 Nc6 20. Qd3 Rad8 21. Ne5 Qe6 22. Rfd1 Nf6 23. Nxc6 Qxc6 24. dxc5 bxc5 25. Nd4 Qd7 26. Nxf5 Qe6 27. Nh6+ Kh8 28. Qf5 Qc6 29. Qxg5 d4 30. Bxd4 Rxd4 31. Rxd4 Ng8 32. Qe5+ Bf6 33. Qf5 Nxh6 34. Qd7 Qxd7 35. Rxd7 Rc8 36. Rxa7 Ng8 37. Rc4 Be7 38. f4 Rb8 39. b4 cxb4 40. axb4 Bxb4 41. g4 Nf6 42. Rcc7 Bf8 43. g5 Nd5 44. Rxh7+ Kg8 45. Rhb7 Re8 46. Kf2 Nxe3 47. Kf3 Nd5 48. h4 Re3+ 49. Kg4 Re4 50. Rf7 Ne7 51. Rf6 Bg7 52. Kf3 Re1 53. Rd6 Nf5 54. Rd8+ Kh7 55. h5 Rh1 56. Rdd7 Kg8 57. h6 Nh4+ 58. Kg4 Bf8 59. h7+ Kh8 60. f5 Ng2 61. Ra8 Ne3+ 62. Kf3 Rf1+ 63. Kxe3 Rxf5 64. g6 Re5+ 65. Kd4 Re4+ 66. Kd5 Rd4+ 67. Kc6 Rc4+ 68. Kb7 Rc7+ 69. Kb6 Rc6+ 70. Kb7 Rc7+ 71. Kb6 Rc6+ 72. Ka5 Rc5+ 73. Ka4 Rc4+ 74. Kb3 Rc3+ 75. Kb2 Rc2+ 76. Kb3 Rc3+ 1/2-1/2

[Event "26. Offene Hamburger SEM 2019 65+"]
[Site "Hamburg"]
[Date "2019.11.16"]
[Round "6.2"]
[White "Grimm, Uwe"]
[Black "Pfitzer, Norbert"]
[Result "1-0"]
[WhiteElo "2045"]
[BlackElo "1955"]
[PlyCount "81"]
[EventDate "2019.??.??"]
[WhiteTeam "MTV Dannenberg"]
[BlackTeam "SV Backnang"]

{[%evp 0,65,19,-30,-38,-24,-9,-7,-9,-9,-7,-4,-10,-11,-14,-14,3,-27,-1,-3,-7,-18,-10,-13,16,10,32,17,27,33,47,41,40,48,75,60,119,101,88,118,176,179,312,268,282,267,291,295,301,309,368,292,371,371,371,291,332,335,335,339,332,315,311,303,329,329,355,325]} 1. f4 Nf6 2. Nf3 c5 3. e3 Nc6 4. b3 g6 5. Bb2 Bg7 6. Bb5 O-O 7. O-O Qb6 8. Bxc6 bxc6 9. Nc3 d6 10. Kh1 Bg4 11. Qe1 Bf5 12. d3 a5 13. e4 Bg4 14. Na4 Qc7 15. Qh4 Bxf3 16. Rxf3 Rab8 17. e5 Ne8 18. Rh3 h5 19. Re1 dxe5 20. fxe5 f6 21. Nxc5 Qc8 22. e6 Rb4 23. c4 Nd6 24. Bc3 Nf5 25. Qf2 Rd8 26. Bxb4 axb4 27. Nd7 Rxd7 28. exd7 Qxd7 29. Qc5 Qd6 30. Qa7 e5 31. Rf1 Nd4 32. c5 Qd8 33. Qb6 Qa8 34. Qxb4 Qxa2 35. Qc4+ Kh7 36. b4 Qe2 37. Qc1 f5 38. Re3 Qg4 39. Ree1 f4 40. Re4 h4 41. Rxd4 1-0

[Event "26. Offene Hamburger SEM 2019 65+"]
[Site "Hamburg"]
[Date "2019.11.16"]
[Round "6.3"]
[White "Emami, Madjid"]
[Black "Hawranke, Dietrich"]
[Result "1/2-1/2"]
[WhiteElo "1907"]
[BlackElo "2044"]
[PlyCount "99"]
[EventDate "2019.??.??"]
[WhiteTeam "Hamburger SK von 1830 eV"]
[BlackTeam "Pinneberg SC 1932 eV"]

{[%evp 0,75,19,30,28,-10,14,27,23,7,14,-19,9,-15,-8,-6,-12,-20,-8,-36,-4,-14,-11,-22,2,-38,-17,-13,-36,-35,-30,-67,-26,-25,20,-35,-40,-32,-32,-100,-92,-88,-82,-96,-73,-73,-73,-85,-88,-77,-76,-84,-50,-50,-50,-92,-41,-63,-22,7,0,-38,-11,-6,28,9,11,15,10,8,42,36,33,35,58,37,78,59]} 1. Nf3 Nf6 2. g3 g6 3. Bg2 Bg7 4. O-O O-O 5. d3 c5 6. c3 Nc6 7. e4 d5 8. exd5 Nxd5 9. Qe2 b6 10. Re1 Bb7 11. a4 Re8 12. Ra3 Qc7 13. Nbd2 Rad8 14. Nc4 e5 15. h4 h5 16. Ng5 Nde7 17. Ne3 Qd6 18. Rd1 Ba6 19. c4 Nd4 20. Qf1 Qb8 21. Nd5 Bb7 22. Nxe7+ Rxe7 23. Ne4 f6 24. a5 Nc2 25. Rc3 Nb4 26. axb6 axb6 27. Be3 Nc6 28. Ra1 Nd4 29. Bxd4 exd4 30. Rca3 Kh7 31. Ra7 Rde8 32. Rxb7 Rxb7 33. Nd6 Qxd6 34. Bxb7 Rb8 35. Bd5 b5 36. b3 bxc4 37. bxc4 Rb3 38. Ra8 Rb8 39. Ra7 Re8 40. Qb1 Rb8 41. Rb7 Rxb7 42. Qxb7 Kh6 43. Qf7 Qe5 44. Kf1 Qb8 45. Bb7 Qe5 46. Qd5 Qxd5 47. Bxd5 g5 48. Be4 Bf8 49. Bf5 Bd6 50. Ke2 1/2-1/2

[Event "26. Offene Hamburger SEM 2019 65+"]
[Site "Hamburg"]
[Date "2019.11.16"]
[Round "6.4"]
[White "Szenetra, Werner"]
[Black "Schulz, Wolfgang"]
[Result "1-0"]
[WhiteElo "2133"]
[BlackElo "1907"]
[PlyCount "75"]
[EventDate "2019.??.??"]
[WhiteTeam "SV Berenbostel"]
[BlackTeam "Hamburger SK von 1830 eV"]

{[%evp 0,67,19,30,28,-7,-21,-50,-4,-7,-12,-17,-18,-39,-8,-8,-2,-21,-20,-24,-18,-17,-12,-18,5,11,-12,-4,0,0,13,-16,-1,-10,-3,-15,-15,-15,-15,-8,0,0,3,21,33,19,30,10,18,18,80,30,44,27,86,75,175,183,211,211,181,185,278,306,339,213,213,212,224,224]} 1. Nf3 Nf6 2. d3 Nc6 3. g3 g6 4. Bg2 Bg7 5. O-O O-O 6. Nbd2 e5 7. e4 Re8 8. a4 d5 9. Re1 dxe4 10. dxe4 b6 11. Qe2 Bb7 12. c3 a5 13. Nc4 Qe7 14. b3 Rad8 15. Qc2 Qd7 16. Bf1 Qg4 17. Ng5 h6 18. h3 Qc8 19. Nf3 Nd7 20. Ba3 Bf8 21. Bxf8 Nxf8 22. Kh2 Kg7 23. h4 f6 24. Rad1 Qe6 25. Bh3 Qe7 26. Ne3 Qc5 27. h5 Bc8 28. Bxc8 Rxc8 29. hxg6 Ne7 30. Nf5+ Kxg6 31. N3h4+ Kh7 32. Nxe7 Qxe7 33. Nf5 Qf7 34. Kg2 Rcd8 35. Rh1 Rxd1 36. Rxh6+ Kg8 37. Qxd1 Ne6 38. Qh1 1-0

[Event "26. Offene Hamburger SEM 2019 65+"]
[Site "Hamburg"]
[Date "2019.11.16"]
[Round "6.5"]
[White "Ditmas, Hugh"]
[Black "Villing, Dieter"]
[Result "1-0"]
[WhiteElo "1888"]
[BlackElo "1956"]
[PlyCount "121"]
[EventDate "2019.??.??"]
[WhiteTeam "Bremer SG von 1877"]
[BlackTeam "SK 1912 Ludwigshafen"]

{[%evp 0,102,19,31,54,56,97,52,57,52,47,70,60,50,48,45,58,67,67,68,54,52,84,80,75,75,94,63,91,89,103,78,81,84,102,101,95,145,148,117,169,195,286,278,290,268,278,226,223,230,213,173,173,192,192,171,174,100,116,70,80,90,90,105,112,0,108,131,123,118,122,122,137,133,137,137,133,137,137,137,137,123,123,122,138,138,138,138,153,128,138,122,122,122,122,122,114,118,201,201,228,210,289,188,188]} 1. d4 d6 2. Nf3 Bg4 3. c4 Nd7 4. Nc3 c6 5. h3 Bh5 6. g4 Bg6 7. Nh4 e5 8. Nxg6 hxg6 9. Bg2 Ngf6 10. d5 cxd5 11. Nxd5 Nxd5 12. Qxd5 Rb8 13. Be3 b6 14. O-O Be7 15. Rac1 O-O 16. f4 Re8 17. f5 gxf5 18. Rxf5 Nf6 19. Qd2 Rc8 20. g5 Nh7 21. Bd5 g6 22. Rxf7 Kh8 23. h4 Rf8 24. Rcf1 Qd7 25. Rxf8+ Rxf8 26. Rxf8+ Nxf8 27. Kh2 Qg4 28. Qe1 Ne6 29. Bxe6 Qxe6 30. b3 Qg4 31. Bf2 Qe4 32. Qd1 Kg7 33. Qd3 Qf4+ 34. Bg3 Qf1 35. Qf3 Qd1 36. Kg2 Qc2 37. a4 Qb2 38. Bf2 Qc2 39. Qd3 Qc1 40. a5 bxa5 41. Bxa7 Qe1 42. Bf2 Qb4 43. Qh3 Qb7+ 44. Qf3 Qb4 45. Qd3 a4 46. bxa4 Qxa4 47. Qd5 Qd7 48. Qe4 Qf5 49. Qxf5 gxf5 50. Bb6 Kg6 51. Kg3 Kh5 52. e3 Bf6 53. Bc7 Be7 54. Kf3 Kg6 55. e4 fxe4+ 56. Kxe4 Bf8 57. Bd8 Kh5 58. Kf5 Kxh4 59. Kg6 d5 60. cxd5 e4 61. Kf7 1-0

[Event "26. Offene Hamburger SEM 2019 65+"]
[Site "Hamburg"]
[Date "2019.11.16"]
[Round "6.6"]
[White "Porth, Hartmut"]
[Black "Chmielewski, Axel"]
[Result "1-0"]
[WhiteElo "1990"]
[BlackElo "1746"]
[PlyCount "113"]
[EventDate "2019.??.??"]
[WhiteTeam "SV Bargteheide"]
[BlackTeam "Volksdorfer SK 1948"]

{[%evp 0,93,19,-17,-10,-30,23,2,-3,-20,0,-4,-11,-23,34,4,33,5,24,27,9,19,40,33,18,5,9,-5,40,36,37,6,8,14,25,0,0,7,28,38,55,70,32,43,43,34,34,34,48,29,107,105,110,83,108,78,137,137,135,137,148,170,180,148,163,143,143,132,136,113,136,139,149,154,143,127,144,113,110,110,143,139,139,128,128,128,136,133,163,128,128,120,160,160,152,154]} 1. g3 Nf6 2. Bg2 g6 3. d3 d5 4. Nf3 Bg7 5. O-O O-O 6. Nc3 c6 7. Bd2 Re8 8. Qc1 Nbd7 9. e4 dxe4 10. dxe4 e5 11. Rd1 Qc7 12. Ne1 Nf8 13. f3 Be6 14. Be3 Red8 15. Rxd8 Rxd8 16. Nd3 b6 17. Bf1 Bc4 18. a4 Ne6 19. Nc5 bxc5 20. Bxc4 Nd4 21. Kg2 Ne8 22. Nb1 Nd6 23. Bf1 Qe7 24. Nd2 Rb8 25. c3 Ne6 26. Qc2 f5 27. Nc4 fxe4 28. fxe4 Nf7 29. Rd1 Rd8 30. Rxd8+ Qxd8 31. Qd3 Qc7 32. Be2 h5 33. Qd2 Bf8 34. Na3 Kg7 35. Bc4 Qc8 36. h4 Be7 37. Qe2 Nh6 38. Ba6 Qf8 39. Qf2 Bf6 40. Qd2 Ng4 41. Qd7+ Qf7 42. Qxf7+ Kxf7 43. Bg1 g5 44. Nc4 gxh4 45. Nd6+ Kf8 46. Bc8 h3+ 47. Kxh3 Ng5+ 48. Kg2 Bd8 49. Bf5 Bb6 50. Nc4 Bc7 51. Bxc5+ Kf7 52. Bxa7 Nf6 53. Nd2 Bd6 54. b4 Ke7 55. Be3 Bc7 56. a5 Kd8 57. Nc4 1-0

[Event "26. Offene Hamburger SEM 2019 65+"]
[Site "Hamburg"]
[Date "2019.11.16"]
[Round "6.7"]
[White "Gollasch, Theo-Heinz"]
[Black "Keunecke, Hanno"]
[Result "1-0"]
[WhiteElo "1944"]
[BlackElo "1675"]
[PlyCount "69"]
[EventDate "2019.??.??"]
[WhiteTeam "Hamburger SK von 1830 eV"]
[BlackTeam "Langenhorner SF 1928"]

1. Nf3 Nf6 2. g3 g6 3. c4 Bg7 4. Nc3 O-O 5. d4 d6 6. Bg2 c5 7. O-O Nc6 8. d5 Na5 9. Qd3 Bf5 10. e4 Bd7 11. Bf4 a6 12. Rfe1 Nh5 13. Bg5 Rb8 14. b3 b5 15. Rac1 bxc4 16. bxc4 f6 17. Be3 Rb4 18. Nd2 f5 19. f4 Nf6 20. h3 e5 21. fxe5 Nh5 22. e6 Be8 23. exf5 Nxg3 24. Bxc5 dxc5 25. e7 Bd4+ 26. Qxd4 Qxe7 27. Rxe7 cxd4 28. Nce4 Ne2+ 29. Kh2 Nxc1 30. f6 Rb7 31. d6 Rxe7 32. dxe7 Rf7 33. Nd6 Rxf6 34. Bd5+ Kg7 35. Nxe8+ 1-0

[Event "26. Offene Hamburger SEM 2019 65+"]
[Site "Hamburg"]
[Date "2019.11.16"]
[Round "6.8"]
[White "Krotofil, Kurt"]
[Black "Strampfer, Jens"]
[Result "0-1"]
[WhiteElo "1756"]
[BlackElo "1926"]
[PlyCount "50"]
[EventDate "2019.??.??"]
[WhiteTeam "Niendorfer TSV 1919 SAbt"]
[BlackTeam "SC Roesselsprung eV"]

{[%evp 0,50,19,31,53,17,21,34,34,21,26,6,6,17,16,10,12,8,28,17,9,9,17,17,23,0,17,18,19,7,7,7,7,-54,-32,-65,-66,-118,-88,-226,-226,-455,-996,-582,-315,-700,-406,-406,-406,-29987,-29988,-29995,-29996]} 1. d4 b6 2. c4 e6 3. Nf3 Bb7 4. e3 f5 5. Be2 Nf6 6. Nc3 Bb4 7. Bd2 O-O 8. O-O Qe7 9. a3 Bxc3 10. Bxc3 d6 11. b4 Nbd7 12. Qb3 c5 13. Rfd1 Ne4 14. Bb2 Ndf6 15. h3 g5 16. Nd2 g4 17. Nxe4 Nxe4 18. dxc5 Qh4 19. Rf1 gxh3 20. gxh3 Ng5 21. f3 f4 22. Qc3 Nxh3+ 23. Kg2 e5 24. cxd6 Rf5 25. Qe1 Rg5+ 0-1

[Event "26. Offene Hamburger SEM 2019 65+"]
[Site "Hamburg"]
[Date "2019.11.16"]
[Round "6.10"]
[White "Marquardt, Rolf"]
[Black "Stuhlmann, Alexander"]
[Result "0-1"]
[WhiteElo "1632"]
[BlackElo "1759"]
[PlyCount "72"]
[EventDate "2019.??.??"]
[WhiteTeam "Langenhorner SF 1928"]
[BlackTeam "SK Johanneum Eppendorf"]

{[%evp 0,50,19,31,25,27,44,45,31,26,13,31,60,40,55,29,22,13,22,15,14,21,32,32,32,32,58,9,0,29,25,36,46,19,23,-6,-4,22,29,-75,-75,-75,-82,-83,-44,-166,-182,-183,-204,-277,-147,-175,-291]} 1. d4 Nf6 2. Nf3 g6 3. Bf4 Bg7 4. Nbd2 O-O 5. c3 d6 6. h3 c5 7. e3 cxd4 8. exd4 Re8 9. Bb5 Bd7 10. Bc4 Nc6 11. O-O Rc8 12. Re1 Qc7 13. a3 e5 14. dxe5 dxe5 15. Bh2 Nh5 16. Bd5 Rcd8 17. Ng5 Re7 18. Qb3 Be8 19. Bxc6 Bxc6 20. Ngf3 Red7 21. Ne4 Rd5 22. g4 Nf4 23. Bxf4 exf4 24. Qb4 a5 25. Qc4 Rd3 26. Kg2 b5 27. Qb3 Qb7 28. Nfg5 h6 29. Qxf7+ Qxf7 30. Nxf7 Kxf7 31. f3 a4 32. Rf1 Bf8 33. Rae1 Bxe4 34. Rxe4 Rd2+ 35. Kh1 Rxb2 36. Rxf4+ Kg7 0-1

[Event "26. Offene Hamburger SEM 2019 65+"]
[Site "Hamburg"]
[Date "2019.11.16"]
[Round "6.11"]
[White "Schmeichel, Wolfgang"]
[Black "Tscherepanov, Leon"]
[Result "0-1"]
[WhiteElo "1563"]
[BlackElo "1732"]
[PlyCount "68"]
[EventDate "2019.??.??"]
[WhiteTeam "SF Wedel eV"]
[BlackTeam "Hamburger SK von 1830 eV"]

{[%evp 0,60,19,29,41,47,45,35,66,32,21,31,25,20,20,15,28,-15,-15,-23,-19,-26,-14,-26,30,30,56,57,42,35,35,43,59,67,116,83,112,112,112,-17,-17,-25,-15,-18,8,-8,-8,-1,-7,-151,-68,-144,-132,-135,-90,-143,-126,-580,-190,-261,-261,-281,-284]} 1. e4 e6 2. d4 d5 3. Nc3 Nf6 4. Bg5 Bb4 5. e5 h6 6. Bd2 Bxc3 7. bxc3 Ne4 8. Bd3 Nxd2 9. Qxd2 c5 10. Nf3 Nc6 11. O-O O-O 12. dxc5 Qa5 13. Qe3 Bd7 14. Rfb1 Qc7 15. c4 dxc4 16. Bxc4 Rfd8 17. Qe4 Be8 18. Bd3 g6 19. Qh4 Nxe5 20. Nxe5 Qxe5 21. Qxh6 Qf6 22. Re1 Bc6 23. Rab1 Rd4 24. Qd2 Rad8 25. Rb4 Rxb4 26. Qxb4 Rd4 27. Qd2 Rg4 28. Bf1 Bxg2 29. Bxg2 Qf3 30. Qd8+ Kh7 31. Qh4+ Kg7 32. Qg3 Rxg3 33. hxg3 Qc3 34. Bxb7 Qxe1+ 0-1

[Event "26. Offene Hamburger SEM 2019 65+"]
[Site "Hamburg"]
[Date "2019.11.16"]
[Round "6.12"]
[White "Frackowiak, Stanislaw"]
[Black "Hinke, Gerhard"]
[Result "1-0"]
[WhiteElo "1550"]
[BlackElo "1470"]
[PlyCount "101"]
[EventDate "2019.??.??"]
[WhiteTeam "Hamburger SK von 1830 eV"]
[BlackTeam "Mummelmannsberger SV"]

1. d4 d5 2. Nf3 Nf6 3. e3 e6 4. Bd3 c5 5. c3 Nc6 6. Nbd2 Bd7 7. O-O cxd4 8. exd4 Bd6 9. Re1 O-O 10. Ne5 Ne7 11. Ndf3 Ng6 12. Bg5 Be7 13. Nxd7 Nxd7 14. Bxe7 Qxe7 15. Qd2 h6 16. Bc2 Nb6 17. Qd3 Nc4 18. Rab1 Nd6 19. Ne5 Nf5 20. Nxg6 fxg6 21. Re5 Rae8 22. Rbe1 Qf7 23. R1e2 Nh4 24. Ba4 Re7 25. Bb3 Kh8 26. Bxd5 Qf4 27. Qe3 Qxe3 28. R5xe3 Ref7 29. Rxe6 Rd7 30. Re8 Rd8 31. Rxd8 Rxd8 32. Bxb7 Kg8 33. d5 Nf5 34. c4 Nd4 35. Rd2 Ne6 36. b3 Nc5 37. Bc6 a5 38. Kf1 Kf7 39. Re2 Kf6 40. Re3 Rd6 41. a3 Na6 42. f3 g5 43. g4 g6 44. h3 Nc7 45. b4 axb4 46. axb4 h5 47. b5 h4 48. b6 Na6 49. b7 Nb8 50. Re8 Na6 51. Ra8 1-0

[Event "26. Offene Hamburger SEM 2019 65+"]
[Site "Hamburg"]
[Date "2019.11.16"]
[Round "6.13"]
[White "Neldner, Frank"]
[Black "Behrensen, Joern"]
[Result "1/2-1/2"]
[WhiteElo "1482"]
[BlackElo "1544"]
[PlyCount "43"]
[EventDate "2019.??.??"]
[WhiteTeam "Hamburger SK von 1830 eV"]
[BlackTeam "Hamburger SK von 1830 eV"]

1. e4 e6 2. d4 d5 3. e5 c5 4. c3 cxd4 5. cxd4 Nc6 6. Nf3 Bb4+ 7. Bd2 Bxd2+ 8. Nbxd2 Nge7 9. Bd3 O-O 10. Rc1 Nf5 11. Bb1 Bd7 12. Nb3 f6 13. O-O fxe5 14. dxe5 Rc8 15. Nc5 b6 16. Nxd7 Qxd7 17. a3 Nce7 18. Qd3 Rxc1 19. Rxc1 Rc8 20. Rxc8+ Qxc8 21. Qc2 Qxc2 22. Bxc2 1/2-1/2

[Event "26. Offene Hamburger SEM 2019 65+"]
[Site "Hamburg"]
[Date "2019.11.16"]
[Round "6.14"]
[White "Geissler, Karl-Heinz"]
[Black "Duemmke, Juergen"]
[Result "0-1"]
[WhiteElo "1504"]
[BlackElo "1831"]
[PlyCount "86"]
[EventDate "2019.??.??"]
[WhiteTeam "Mummelmannsberger SV"]
[BlackTeam "SV Grosshansdorf"]

{[%evp 0,86,28,33,24,24,25,12,43,9,8,15,13,9,3,13,1,-6,20,10,7,6,2,4,4,-8,20,10,13,6,6,0,8,-12,4,2,8,-21,-13,-8,-8,-8,13,9,29,53,53,33,54,53,61,21,44,32,40,-5,-6,-23,-25,-32,-30,-35,14,-32,-26,-22,-16,-21,-25,-40,-40,-36,-36,-52,-45,-50,-47,-44,-50,-50,-50,-170,-170,-170,-139,-217,-519,-689,-689]} 1. d4 Nf6 2. Nf3 e6 3. e3 b6 4. Be2 Bb7 5. O-O Be7 6. Nbd2 O-O 7. c4 d6 8. b3 Nbd7 9. Bb2 c5 10. Qc2 Rc8 11. dxc5 Nxc5 12. Rac1 d5 13. Qb1 Nfe4 14. cxd5 Nxd2 15. Nxd2 Qxd5 16. Nf3 Rfd8 17. Rfd1 Qe4 18. Rxd8+ Rxd8 19. Qxe4 Bxe4 20. Bd4 a5 21. Nd2 Bd5 22. Nc4 Bxc4 23. Bxc4 Rc8 24. Be2 Rd8 25. Rd1 f6 26. g3 Kf7 27. Rc1 e5 28. Bxc5 Bxc5 29. Bc4+ Ke7 30. Rc2 g5 31. Kf1 Rd1+ 32. Kg2 f5 33. Be2 Rd8 34. Bc4 Kf6 35. Kf3 e4+ 36. Kg2 Ke5 37. Kg1 Rd6 38. Kg2 f4 39. exf4+ gxf4 40. h3 f3+ 41. Kh2 Rd1 42. g4 Kf4 43. Bb5 Bd6 0-1

[Event "26. Offene Hamburger SEM 2019 65+"]
[Site "Hamburg"]
[Date "2019.11.16"]
[Round "6.15"]
[White "Heitsch, Karl-Wilhelm"]
[Black "Flader, Willi"]
[Result "1-0"]
[WhiteElo "1492"]
[BlackElo "1319"]
[PlyCount "101"]
[EventDate "2019.??.??"]
[BlackTeam "SC Schwarz-Weiss Harburg"]

{[%evp 0,101,22,22,23,-11,59,15,31,15,59,12,77,39,73,50,95,54,66,62,72,72,136,136,136,136,140,140,151,122,138,129,136,104,143,102,106,92,86,93,95,91,128,91,143,131,100,105,102,102,102,102,102,102,104,47,119,28,28,36,39,14,14,9,35,41,51,51,64,63,98,98,98,98,83,68,62,64,81,48,119,98,98,119,390,402,613,415,488,320,671,384,751,1075,907,29990,29999,29998,29999,29998,29999,29984,29999,-30000]} 1. d4 e6 2. c4 c5 3. e3 Nf6 4. Nc3 a6 5. Nf3 h6 6. Be2 Be7 7. O-O b6 8. d5 d6 9. e4 e5 10. Ne1 Bd7 11. f4 Bc8 12. fxe5 dxe5 13. Nd3 Bd6 14. a4 Nbd7 15. Be3 Bb7 16. Nf2 Nf8 17. Nh1 Ng6 18. g3 Bc8 19. Nf2 Bd7 20. b3 Nh7 21. Bh5 Ng5 22. h4 Nh3+ 23. Nxh3 Bxh3 24. Rf2 O-O 25. Qf3 Bc8 26. Raf1 Kh7 27. Bxg6+ Kxg6 28. h5+ Kh7 29. g4 Ra7 30. Qg3 f6 31. Ne2 Raf7 32. Qh3 Bd7 33. Ng3 Bc8 34. Nf5 Bxf5 35. gxf5 b5 36. axb5 axb5 37. Qg4 bxc4 38. bxc4 Kh8 39. Rg2 Rg8 40. Kh2 Ra7 41. Rfg1 Qf8 42. Bxh6 Kh7 43. Qg6+ Kh8 44. Be3 Qd8 45. Rg3 Bf8 46. h6 Qa5 47. Rh3 Qb6 48. Bf2 Ra2 49. Rg2 Ra1 50. Qe8 Qb1 51. hxg7# 1-0

[Event "26. Offene Hamburger SEM 2019 65+"]
[Site "Hamburg"]
[Date "2019.11.16"]
[Round "6.16"]
[White "Eberhardt, Michael"]
[Black "Paulsen, Helmut"]
[Result "1-0"]
[WhiteElo "1487"]
[BlackElo "1450"]
[PlyCount "55"]
[EventDate "2019.??.??"]
[WhiteTeam "SC Agon Neumuenster"]
[BlackTeam "FC St Pauli 1910 eV SAbt"]

{[%evp 0,55,19,31,23,25,24,14,17,11,9,-19,-16,0,-15,-7,-3,-3,3,1,69,79,127,107,112,61,60,39,40,52,63,51,87,93,51,48,43,-7,-8,-13,23,-11,-1,-27,-49,-38,-14,-36,-57,-80,-80,-80,-28,-73,-76,-78,-77,-179]} 1. d4 d5 2. Nf3 Nf6 3. e3 e6 4. Bd3 c5 5. c3 c4 6. Bc2 Be7 7. Nbd2 O-O 8. O-O Nc6 9. e4 dxe4 10. Nxe4 b5 11. Nxf6+ Bxf6 12. Be4 Bb7 13. Qc2 h6 14. Bf4 Qe7 15. Rfe1 Nd8 16. d5 Qd7 17. dxe6 Nxe6 18. Bxb7 Qxb7 19. Be3 a5 20. Rad1 Rfd8 21. Rxd8+ Rxd8 22. a3 Qc7 23. Nd4 Nxd4 24. Bxd4 Bxd4 25. cxd4 Qd7 26. Qc3 Qxd4 27. Qxa5 Qd2 28. Re8+ 1-0

[Event "26. Offene Hamburger SEM 2019 65+"]
[Site "Hamburg"]
[Date "2019.11.16"]
[Round "6.17"]
[White "Kaiser, Guenther"]
[Black "Berking, Bernhard"]
[Result "1-0"]
[WhiteElo "1456"]
[BlackElo "1485"]
[PlyCount "45"]
[EventDate "2019.??.??"]
[WhiteTeam "SK Union Eimsbuettel eV"]
[BlackTeam "SchVgg Blankenese von 1923 eV"]

1. d4 Nf6 2. c4 e6 3. Nc3 Bb4 4. Nf3 O-O 5. e3 b6 6. Bd3 Bb7 7. O-O Bxc3 8. bxc3 d6 9. Re1 Nbd7 10. e4 Rc8 11. e5 Bxf3 12. Qxf3 dxe5 13. dxe5 Ne8 14. Bxh7+ Kxh7 15. Qh5+ Kg8 16. Re3 g6 17. Qh6 Ng7 18. Rh3 Nh5 19. Bg5 Qe8 20. Bf6 Ndxf6 21. exf6 Qd8 22. Rxh5 Qxf6 23. Qh7# 1-0

[Event "26. Offene Hamburger SEM 2019 65+"]
[Site "Hamburg"]
[Date "2019.11.16"]
[Round "6.18"]
[White "Hinrichs, Winfried"]
[Black "Raedisch, Peter"]
[Result "0-1"]
[Annotator "DATA"]
[WhiteElo "1424"]
[BlackElo "1477"]
[PlyCount "110"]
[EventDate "2019.??.??"]
[WhiteTeam "Langenhorner SF 1928"]
[BlackTeam "SF Hamburg eV 1934"]

{[%evp 0,64,23,31,31,31,12,8,14,14,71,71,56,57,84,46,98,98,79,58,58,1,19,1,-8,-44,-45,-113,-37,-44,-36,-28,-28,-23,-44,-44,-39,-22,-25,-53,-31,-44,-7,0,-7,0,0,-4,-4,-4,-11,-23,-29,-20,-20,-20,-13,-31,0,-29,0,0,0,-12,10,-22,0]} 1. e4 e5 2. Nf3 Nc6 3. Bb5 Bc5 4. c3 Qe7 5. O-O a6 6. Ba4 b5 7. Bb3 d6 8. d4 Bb6 9. Bg5 Nf6 10. Re1 h6 11. Bxf6 Qxf6 12. dxe5 Nxe5 13. Nbd2 O-O 14. Qe2 Ng4 15. Rf1 Bd7 16. h3 Ne5 17. Nxe5 Qxe5 18. Nf3 Qf4 19. Qd3 Rad8 20. Bc2 f5 21. Qd5+ Kh8 22. exf5 Bxf5 23. Bxf5 Rxf5 24. Qd3 Rdf8 25. Rad1 Qg3 26. Nd4 Qxd3 27. Rxd3 R5f6 28. Nf3 g5 29. Rd2 Kg7 30. Re2 R8f7 31. Rfe1 Kg6 (31... Rg6 32. Re6 h5) 32. Re6 h5 33. Rxf6+ Rxf6 34. Re2 g4 35. hxg4 hxg4 36. Nh4+ Kg5 37. g3 a5 38. Ng2 Rf3 39. Kf1 b4 40. cxb4 axb4 41. Ne1 Rf7 42. Nd3 c5 43. Nf4 Bc7 44. Ne6+ Kf5 45. Nxc7 Rxc7 46. Re8 Rd7 47. Rf8+ Ke6 48. Re8+ Kd5 49. Re3 Kd4 50. b3 d5 51. Ke2 c4 52. bxc4 dxc4 53. f4 Ra7 54. Re8 Rxa2+ 55. Kf1 b3 0-1

[Event "26. Offene Hamburger SEM 2019 65+"]
[Site "Hamburg"]
[Date "2019.11.16"]
[Round "6.19"]
[White "Lohkamp, Rolf"]
[Black "Wichmann, Dieter"]
[Result "0-1"]
[Annotator "DATA"]
[WhiteElo "1266"]
[BlackElo "1458"]
[PlyCount "76"]
[EventDate "2019.??.??"]
[WhiteTeam "Hamburger SK von 1830 eV"]
[BlackTeam "Hamburger SK von 1830 eV"]

{[%evp 0,21,26,25,27,18,16,14,10,15,38,25,37,-39,-18,-46,-46,-151,-71,-71,-42,-50,-64,-102]} 1. d4 d5 2. c4 e6 3. Nc3 Nf6 4. Nf3 Nbd7 5. Bf4 c6 6. Qc2 dxc4 7. e3 b5 8. b3 cxb3 9. axb3 Bb7 10. Bd3 h6 (10... a6 11. Qb2) 11. O-O Be7 12. e4 a6 13. e5 Nd5 14. Nxd5 cxd5 15. Bd2 b4 16. Rfc1 Rc8 17. Qb2 O-O 18. Rxc8 Qxc8 19. Rc1 Qb8 20. Ra1 Qa7 21. Rc1 Rc8 22. Ra1 Nb8 23. Rc1 Nc6 24. Ra1 a5 25. Rc1 Bd8 26. Qa1 Bb6 27. Qa4 Bxd4 28. Nxd4 Qxd4 29. Be3 Qxd3 30. Qa1 Qxb3 31. Rb1 Qd3 32. Rd1 Qe4 33. Rc1 d4 34. Rc4 Nxe5 35. Rxc8+ Bxc8 36. Bxd4 f6 37. f3 Qc2 38. Qxa5 Qd1+ 0-1